Statistics for Miley Cyrus and Hannah Montana Songs (hard)

Click here to take the quiz!

General Stats

  • This quiz has been taken 756 times
    (753 since last reset)
  • The average score is 4 of 15

Answer Stats

Hint Answer % Correct
Best of Both Worlds
85%
The Climb
51%
Nobody's Perfect
49%
Party in the USA
33%
Can't Be Tamed
21%
See You Again
20%
Hoedown Throwdown
20%
One in a Million
16%
I Miss You
12%
Icecream Freeze
11%
Start All Over
10%
When I Look at You
9%
G.N.O
8%
Stay
5%
Goodbye
4%

Score Distribution

Percentile by Number Answered

Percent of People with Each Score

Your Score History

You have not taken this quiz since the last reset